000 00745nam a2200193Ia 4500
005 20240311133254.0
008 130821s ck gr spa
040 _aCo-BoUCM
_bspa
_cDavid Moreno (modificó)
_dDavid Moreno (modificó)
041 _aspa
100 1 _aBorrero, Luis M.
_9155643
245 1 0 _aCómo diseña el científico una investigación
_cLuis M.Borrero.
260 _aCali (Valle, Colombia)
_bFundación para la Educación Superior y el Desarrollo, Colombia
_c1976
300 _a190 páginas
650 0 4 _aInvestigación científica
_917977
650 0 4 _aInvestigación
_917968
650 0 4 _aMetodología de la investigación
_919435
942 _cLIBRO
_a1
_e1
_mB737c
_2DEWEY
_h001.42
999 _c9142
_d9142